| 000 | 00739nac a22002537a 4500 | ||
|---|---|---|---|
| 001 | BR9511706 | ||
| 003 | BR-BrBNA | ||
| 005 | 20240105121815.0 | ||
| 008 | 230509b bl.|||m| |||| 00| 0 por d | ||
| 040 |
_aBR-BrBNA _bpor _cBiblioteca Nacional de Agricultura |
||
| 072 | _aL01 | ||
| 090 | _a7110 BR9511706 | ||
| 100 | 1 | _aCampos, L.A. de O. | |
| 110 | 1 | _aUniversidade Federal de Vicosa, MG (Brasil) | |
| 245 | 1 | _aAbelhas indigenas sem ferrao | |
| 260 | 3 |
_aVicosa, MG (Brasil): _c1991. |
|
| 300 | _a6 p. | ||
| 490 |
_aInforme Tecnico - Universidade Federal de Vicosa (Brazil) _vno. 67 _x |
||
| 650 | _aAbelha | ||
| 650 | _aFerrao | ||
| 650 | _aCriacao | ||
| 909 |
_a202312 _bLúcia Elande _c55 _dLúcia Elande |
||
| 942 |
_2AGRIS _n0 _cMS |
||
| 999 |
_c287575 _d287575 |
||